| 000 | 00345 a2200145 4500 | ||
|---|---|---|---|
| 001 | 167238 | ||
| 020 | _a | ||
| 040 | _cMagnum | ||
| 100 | _aSilva, Ezequiel Theodoro da | ||
| 240 | 1 | 0 |
_aProfessor de 1º grau: identidade em jogo _lpor |
| 245 | 1 | 0 | _aProfessor de 1º grau: identidade em jogo |
| 362 | 0 | _a1899 | |
| 697 | _aENSINO | ||
| 942 | _cBK | ||
| 999 |
_c167238 _d167238 |
||